书目信息 |
| 题名: |
当南极遇上北极
|
|
| 作者: | 马少丽 编著 | |
| 分册: | ||
| 出版信息: | 北京 现代出版社 2021.1 |
|
| 页数: | 135页 | |
| 开本: | 24cm | |
| 丛书名: | ||
| 单 册: | ||
| 中图分类: | P941.61 , P941.62 | |
| 科图分类: | ||
| 主题词: | ||
| 电子资源: | ||
| ISBN: | 978-7-5143-2088-6 | |
| 000 | 00859nam0 2200265 45 | |
| 001 | 012001001214 | |
| 005 | 20140913102047.0 | |
| 010 | @a978-7-5143-2088-6@dCNY29.80 | |
| 100 | @a20141017d2014 em y0chiy50 ea | |
| 101 | 0 | @achi |
| 102 | @aCN@b110000 | |
| 105 | @aa z 000yy | |
| 106 | @ar | |
| 200 | 1 | @a当南极遇上北极@Adang nan ji yu shang bei ji@b专著@f马少丽编著 |
| 210 | @a北京@c现代出版社@d2021.1 | |
| 215 | @a135页@c图,照片@d24cm | |
| 300 | @a科学·奥妙无穷 | |
| 330 | @a本书内容包括:地球的最南端、南极不可复制的自然风光、南极世界之最、南极的生物状况、南极的探索与发现、南极的科学考察、南极的中国科考站、北极世界等。 | |
| 607 | @a南极@j普及读物 | |
| 607 | @a北极@j普及读物 | |
| 690 | @aP941.61@v5 | |
| 690 | @aP941.62@v5 | |
| 701 | 0 | @a马少丽@Ama shao li@4编著 |
| 801 | 0 | @aCN@bBJSDL@c20211011 |
| 905 | @b1333490-3@dP941.61@e206@f4 | |
| 当南极遇上北极/马少丽编著.-北京:现代出版社,2021.1 |
| 135页:图,照片;24cm |
| 科学·奥妙无穷 |
| ISBN 978-7-5143-2088-6:CNY29.80 |
| 本书内容包括:地球的最南端、南极不可复制的自然风光、南极世界之最、南极的生物状况、南极的探索与发现、南极的科学考察、南极的中国科考站、北极世界等。 |
| ● |
| 相关链接 |
|
|
|
|
正题名:当南极遇上北极
索取号:P941.61/206
 
预约/预借
| 序号 | 登录号 | 条形码 | 馆藏地/架位号 | 状态 | 备注 |
| 1 | 1333490 | 213334907 | 第二样本阅览室/ [索取号:P941.61/206] | 在馆 | |
| 2 | 1333491 | 213334916 | 第三借阅区/ [索取号:P941.61/206] | 在馆 | |
| 3 | 1333492 | 213334925 | 第三借阅区/ [索取号:P941.61/206] | 在馆 | |
| 4 | 1333493 | 213334934 | 第三借阅区/ [索取号:P941.61/206] | 在馆 |